APHG Vocab Words-All Units - Statistics

General Stats
  • This quiz has been taken 4 times
  • The average score is 12 of 371
Answer Stats
Definition Vocab Word or Phrase % Correct
How often or how much something occurs within a space. Density
50%
The system that accurately determines the precise position of something onEarth via satellites and receivers. Global Positioning System
50%
A two-dimensional model of the Earth’s surface, or a portion of it. Map
50%
An inset on a map that explains what the colors or symbols used mean andwhat the scale of the map is. Map Key/Legend
50%
The description of where something is in relation to other things. Relative Location
50%
The precise place where something etching is found. Absolute Location
25%
The process by which humans alter the landscape in order to raise crops and livestock forconsumption and trade. Agriculture
25%
A spike in birth rates, typically occurring after a period of war. Baby Boom
25%
Emigration of skilled workers to other countries. Brain Drain
25%
The science of mapmaking. Cartography
25%
A force that tends to break states apart or prevent them from forming. Centrifugal Force
25%
A force that unites people together, often leading to the creation or strengthening of states. Centripetal Force
25%
Maps that use colors, shades, or patterns to show the location and distributions of spatial data. Chloropleth Map
25%
The number of live births per year for every 1000 people. Crude Birth Rate
25%
The number of deaths per year for every 1000 people. Crude Death Rate
25%
An area where civilization began that radiated its customs, innovations, and ideologies and transformed the world. Cultural Hearth
25%
The material and immaterial ways of life of a particular group of people. Culture
25%
A model of the 5 typical stages of population change that countries pass through as they modernize. Demographic Transition Model
25%
An imaginary line that circles the globe exactly halfway between the poles. Equator
25%
A computer system that captures, stores, analyzes and displays geographicdata. Geographic Information System
25%
A boundary that is a straight line that does not account for natural features. Geometric Boundary
25%
A measure of the number of babies who die before their first birthday for every 1000births. Infant Mortality Rate
25%
The distance north or south of the equator. Latitude
25%
The average number of years a person can be expected to live, given current social,economic, and medical conditions. Life Expectancy
25%
The distance east or west from the Prime Meridian. Longitude
25%
The permanent or semipermanent relocation of people from one place to another. Migration
25%
The belief in and worship of one God. Monotheistic
25%
The movement of herds of animals to different pastures within a territory. Pastoral Nomadism
25%
Maps that show natural features, such as mountains, rivers, and deserts. Physical Map
25%
Maps that show human-created boundaries and designations, such as countries, states, cities and capitals. Political Map
25%
The belief in and worship of more than one God. Polytheistic
25%
Positive conditions and circumstances that draw people to choose a destination. Pull Factor
25%
Negative circumstances, events, or conditions present where someone lives that make them want to leave. Push Factor
25%
Data associated with a humanistic approach to geography. Qualitative Data
25%
Data associated with mathematical models and statistical techniques. Quantitative Data
25%
An area defined by one or more common and distinctive traits, characteristics, orfeatures that make it different from surrounding areas. Region
25%
Direction based on a person’s surroundings and perception. Relative Direction
25%
The process of capturing images of Earth’s surface from airborne platformssuch as satellites or airplanes. Remote Sensing
25%
A place with a permanent human population. Settlement
25%
In international relations, the formal term for a country. State
25%
Migration done by choice. Voluntary Migration
25%
Directions according to a compass. Absolute Direction
0%
The distance between two points, communicated using precise quantitativeunits of measurement. Absolute Distance
0%
The process in which people within one culture adopt some of the traits of another whilestill retaining their own distinct culture, Acculturation
0%
A boundary enforced by a government or group, using laws, immigration regulations, and prosecution. Administered Boundary
0%
A person who accepts or receives the idea or innovation. Adopter
0%
The spatial grouping of businesses in order to share costs. Agglomeration
0%
The integration of various steps of production in the food-processing industry. Agribusiness
0%
Disputes that occur when a boundary separates natural resources that may be useful to bothparties. Allocational Boundary Dispute
0%
The belief commonly found in Ethnic African religions that natural obejects and events have spirits. Animism
0%
A boundary drawn before a large population was present. Antecedent Boundary
0%
Programs aimed to decrease the fertility rate of a place. Antinatalist Policy
0%
The practice of raising and harvesting fish or other forms of food that live in water. Aquaculture
0%
Tangible objects created by a culture. Artifact
0%
A category of acculturation in which one group adopts almost all of the customs, traditions,language and other cultural traits of the other. Assimilation
0%
Someone who has migrated to another country in hoped of being admitted and recognized as a refugee. Asylum Seeker
0%
A defined area within a state that has a high degree of self-government and freedom from itsparent state. Autonomous Region
0%
The end of a baby boom, lasting until boomers reach childbearing age. Baby Bust
0%
Cheaper office spaces typically for non-executive employees, linked to the front office via technology,so they don’t have to be nearby. Back Office
0%
Possible downsides of growth poles. Backwash Effect
0%
The breaking of a states into smaller, often hostile, states along ethno-linguistic lines. Balkanization
0%
Representatives of the major European Empires met in Berlin in 1884-1885 to lay out claims on the continent of Africa. These claims were used to form the state boundaries in Africa that largely still exist today. Berlin Conference
0%
A geographical economic theory that explains that price and demand for real estate decreasesas the distance from the city center increases. Bid Rent Theory
0%
A slowdown of births, often occurring during times of conflict, economic downturn, or cultural shifts. Birth Deficit
0%
When people of one ethnic group are frightened into selling their homes at low prices when they hear a family of another race or ethnicity is moving in. Blockbusting
0%
Large, fast+growing suburbs. Boomburb
0%
A model developed by geographer John Borchert that describes urban growth based on transportation technology. Borchert’s Model of Urban Growth
0%
A location where goods are transferred from one means of transportation to another. Break of Bulk Point
0%
An abandoned industrial property that has the potential to be a hazard or pollutant. Brownfield
0%
Maps where the size of places are shown according to some specific statistic. Cartograms
0%
The commercial heart of a city. Central Business District
0%
A location where people go to receive goods and services. Central Place
0%
Migration in which individuals follow the migration path of preceding friends or familymembers to an existing community. Chain Migration
0%
The first group to establish cultural and religious customs in a place. Charter Group
0%
A strategic strait or canal which is narrow, hard to pass through, and has competition for use. Choke Point
0%
A place where there is a relative concentration of people. City
0%
A small sovereign state made up of a city and its surrounding area. City State
0%
A rural settlement pattern where homes and farm buildings are located close together, withfarmland surrounding them. Clustered Settlement
0%
A period of diplomatic, political, and military rivalry between the U.S. and USSR that startedat the end of WWII and continued until the collapse of the Berlin Wall in 1989 and the breakup of the Soviet Union in 1991. Cold War
0%
A particular type of imperialism in which people move into and settle on the land of anothercountry. Colonialism
0%
The global movement of plants and animals between Afro-Eurasia and the Americas followingthe voyage of Christopher Columbus in 1492. Columbian Exchange
0%
Farming in which farmers focus on raising one specific crop to sell for profit. Commercial Farming
0%
A process used by corporations to gather resources, transform them into goods, and then transport them to customers. Commodity Chain
0%
Plots of land used for growing food that are farmed collectively and used to benefit the wholecommunity. Community Gardens
0%
Agriculture where community members can buy a share of a farm or a subscription to receivea share if the crops. Community-Supported Agriculture
0%
The idea that a country should specialize producing products for export that they hold anadvantage in producing. Comparative Advantage
0%
Trade that occurs when parties have goods or services that the other wants. Complemetarity
0%
Diffusion where one person spreads an idea/innovation to multiple people and then thosepeople spread it to multiple people, and so on, and so forth. Contagious Diffusion
0%
The congregation of office buildings on a landscape. Corporate Park/Business Park
0%
A type of industry in which the production of goods and services is based in homes, not factories. Cottage Industry
0%
When people move from urban to rural areas. Counter-Urbanization
0%
A language that results from the mixing of a colonizer’s language with the indigenous language of the people being dominated. Creole/Creolized Language
0%
When two cultures become more similar the more they interact. Cultural Convergence
0%
Cultures become less alike over time because of physical and cultural barriers. Cultural Divergence
0%
A geographic approach that emphasizes human-environment relationships. Cultural Ecology
0%
The structures within the physical landscape caused by human activities. Cultural Landscape
0%
Agreed upon cultural practices or standards that guide the behavior of a culture. Cultural Norm
0%
A large segment of the Earth with uniformity in cultural characteristics. Cultural Realm
0%
The principle that an individual human’s belief and actions should be understood byothers in terms of that individual’s own culture. Cultural Relativism
0%
Behaviors heavily discouraged by a culture. Cultural Taboo
0%
The building blocks of culture. Visible and invisible attributes that combine to make up agroup’s culture. Cultural Trait
0%
When poverty is persistent and people become accustomed to it. Culture of Poverty
0%
Raising cattle for the purpose of harvesting milk. Dairy Farming
0%
When colonized nations won their independence from colonizing forces. Decolonization
0%
A boundary established by a legal document, such as a treaty, that divides one entity fromanother. Defined Boundary
0%
Disputes that occur when parties disagree over how to interpret legal documents or maps that identify where a boundary is located. Definitional Boundary Dispute
0%
The removal of large tracts of forest. Deforestation
0%
A reduction in the size of the manufacturing industry and industrial capacity of a place. Deindustrialization
0%
A boundary drawn on a map to show the limits of a space. Delimited Boundary
0%
A boundary identified by physical objects placed on the landscape. Demarcated Boundary
0%
The transition form absolute governments to more representative forms of politics Democratization
0%
People who study the demographics of human populations. Demographers
0%
The study of human populations. Demography
0%
Statistical data relating to the population and groups within it. Demogroahics
0%
The percentage of people within a population who are either too young or too old towork and must therefore be supported by working adults within the population. Dependency Ratio
0%
The transition of land from fertile to desert. Desertification
0%
A process of change in society as it seeks to meet the needs of its people. Development
0%
The transfer of political power from the central government to lower, subnational levels ofgovernment. Devolution
0%
A regional variation of a language distinguished by unique vocabulary, pronunciation, and spelling. Dialect
0%
When people of one culture or religious group are dispersed to various locations. Diaspora
0%
The process by which an innovation or idea spreads from one place to another over time. Diffusion
0%
The poorest parts of cities that are not connected to city services and are often controlled by gangs. Disamenity Zone
0%
A rural settlement pattern characterized by isolated farms rather than clustered villages. Dispersed Settlemnet
0%
The theory that the interaction between two places decreases as the distancebetween them increases. Distance Decay
0%
Where something occurs within a space, Distribution
0%
A group of people who share a common cultural heritage and have the desire to expresstheir self-determination. Nation
0%
Raising plant and animals for human use. Domestication
0%
Maps used to show the specific location and distribution of something, witheach dot representing a specific quantity. Dot Distribution Map
0%
Planting and harvesting on the same parcel of land twice a year. Double Cropping
0%
A measurement of how long a country will take to double its population, based on its NIR. Doubling Time
0%
A spike in birth rates once baby boomers have reached childbearing age. Echo
0%
The cost advantage experienced by a company when it increases its level of output. Economy of Scale
0%
Tourism involving responsible travel to natural areas, conserving the environment, and supportingthe local population. Ecotourism
0%
The permanently inhabited portion of the Earth’s surface. Ecumene
0%
A suburb that grows to the point that it develops it own economic core and can existindependently of the city it borders. Edge City
0%
To move away from a country to somewhere else. Emigrate
0%
Laws allowing the government to seize land for public use after paying owners market value. Eminent Domain
0%
A series of laws enacted by the British Government that enabled landowners to purchase andenclose land for their own use that had previously been common land used by peasant farmers. Enclosure Acts
0%
A language in danger of becoming extinct. Endangered Language
0%
A philosophy that states that human behaviors and culture are a direct result of the surrounding environment. Environmental Determinism
0%
Predictable stages in disease an life expectancy that countries experience as theydevelop. Epidemiological Transition Model
0%
A process in which one more powerful ethnic group forcibly removes or eliminates another toform a homogenous state. | The forced removal of a major ethnic group from a territory. Ethnic Cleansing
0%
Relatively small, ethnically homogenous areas situated within a larger and more diverse cultural context. Ethnic Enclave
0%
A group of people that has a common ancestry or culture. Ethnicity
0%
Religions that consist and rituals handed down from one generation to the next. They do notattempt to appeal to all people, just one group within one place or one ethnicity. Ethnic Religion
0%
The belief that one’s own culture or ethnic group is superior to others, judging other groups through the lens of one’s own culture. Ethnocentrism
0%
The spread of cultural traits or ideas by means other than people. Expansion Diffusion
0%
Spaces within a country where special regulations benefit foreign-controlled businesses. Export Processing Zone
0%
Agriculture that uses fewer inputs of capital and paid labor relative to the amount of space being used. Extensive Farming
0%
A language that is no longer spoken or used in daily activities by anyone in the world. Extinct Language
0%
Wealthy commuter communities located beyond the suburbs. Exurbs
0%
Trade between companies in developed countries and producers in developing countries thattries to sure farmers are paid a fair wage. Fair Trade
0%
A country where governmental authority is shared among a central government and variousother smaller regional authorities. Federal State
0%
A place where livestock are fed and fattened up. Feedlot
0%
Any substance added to soil to increase its productivity. Fertilizer
0%
The change in the use of a house from a single-family home to rented units in a multifamilydwelling to eventual abandonment. Filtering
0%
The origin of farming, marked by the first domestication of plants and animals. First (Neolithic) Agricultural Revolution
0%
Culture that is traditionally practiced by small, homogenous groups living in isolated ruralareas. Folk Culture
0%
A community where there is no access to fresh, healthy, affordable food options because thereis a lack of grocery stores of farmers’ markets. Food Desert
0%
Access by all people at all times to enough food to maintain a healthy lifestyle. Food Security
0%
A business that can pack up and leave for a new location quickly and easily. Footloose Business
0%
A type of migration where people do not choose to relocate, but do so under threatof violence. Forced Migration
0%
A means of mass production based on the assembly line method. Fordism
0%
An area defined by official boundaries, that is created on the basis of one or moreshared characteristics. Formal Region
0%
Offices for an executive branch of workers, usually located in somewhere highly visible and expensive. Front Office
0%
An area organized around a node or focal point and defined by an activity that occurs across the region. Functional Region
0%
The idea that zones/regions of an urban area have specific and distinct purposes. Functional Zonation
0%
A type of religious movement characterized by strict conformity to a religious text. Fundamentalism
0%
Walled or fenced neighborhoods with limited access. Gated Community
0%
Areas in which particular genders, and particular types of gender expression, are consideredwelcome or appropriate, and other types are are unwelcome or inappropriate. Gendered Space
0%
A composite index measuring gender disparity. Gender Inequality Index
0%
The role or behavior learned by a person as appropriate to their gender, determined by prevailing cultural norms. Gender Role
0%
Produced when humans use engineering techniques to change the DNA of a seed. Genetically Modified Organism
0%
The deliberate killing of a large number of people from a particular cultural or ethnic group,with the aim of destroying that group. Genocide
0%
The process of wealthier residents moving into a neighborhood, renovating properties, and making it unaffordable for existing residents. Gentrification
0%
The study of effects of geography on politics and relations among states. Geopolitics
0%
A measurement of the distribution of income within a population. Gini Coefficient
0%
The integration of markets, states, communication & trade on a worldwide scale, the process by which goods, services, money, people, information, and ideas flow across international borders and a trend towards greater economic, cultural, political, and technological interdependence among national governments and economies Globalization
0%
Maps that use symbols of different sizes to indicate different amounts of something.Larger sizes indicate more of something and smaller sizes indicate less. Graduated Symbol Map
0%
Growing of grains, primarily wheat, for the consumption of people. Grain Farming
0%
Areas of undeveloped land around an urban area. Greenbelt
0%
Beginning in the 1960’s, it was the third agricultural revolution which involved the developmentof better and more efficient farming equipment and practices that led to increased production around the world. Green Revolution
0%
The total value of goods and services produced within a country’s borders in a year. Gross Domestic Product
0%
Measure of the worth of what is produced within a country plus income received from investments outside the country in a year. Gross National Income
0%
The total value of goods and services produced by the citizens and corporations of a country in a given year. Gross National Product
0%
Concentration of technically advanced industries that stimulate economic development in thebusinesses that are connected to those industries. Growth Pole
0%
A person with temporary permission to immigrate and work in another country. Guest Worker
0%
The place where an innovation/idea originated. Hearth
0%
Land-based power is essential in achieving global domination. Controlling the Heartland would lead to domination of the Rimland and command of the entire world. Heartland Theory
0%
The spread of an idea/innovation from one key person or node of authority/power to otherpersons/places with less power/authority. Hierarchical Diffusion
0%
A term that applies to a surrounding area served by an urban center. Hinterland
0%
The condition of not having a permanent place to live. Homelessness
0%
A measure of development that combines one economic measure (GNI per capita) with several social measures, such as high life expectancy and average education level. Human Development Index
0%
To move to a country from somewhere else. Immigrate
0%
A law that limits the number of prospective immigrants who can be admitted into a country every year. Immigration Quota
0%
A variety of ways of influencing another country or group of people, by direct conquest, economic control, or cultural dominance. Imperialism
0%
An area set aside by the government for the exclusive use of indigenous peoples. Indigenous Reservation
0%
A set of changes in technology that dramatically increased manufacturing productivity, reshaping how people worked, behaved and where they lived. Industrial Revolution
0%
The portion of the economy that is not taxed, regulated, or managed by the government. Informal Economy
0%
The basic organizational structures and facilities need in order to operate. Infrastructure
0%
A person who is responsible for creating the idea or innovation and initiating the diffusionprocess. Innovator
0%
Agriculture that involves greater inputs of capital and paid labor relative to the space beingused. Intensive Farming
0%
When farmers grow two or more crops simultaneously on the same field. Intercropping
0%
Someone forced to migrate for similar reasons as a refugee but who does not move across an international border. Internally Displaced Person
0%
The permanent or semipermanent movement of individuals within a country. Internal Migration
0%
Barriers that make it difficult for migrants to reach their desired destination. Intervening Obstacle
0%
Something that causes a migrant to choose a destination, other than the one they originally intended. Intervening Opportunity
0%
Annexation of another state’s territory on the basis of shared culture, history, or ethnicity. Irredentism
0%
The process of diverting water from its natural course or location to help grow crops. Irrigation
0%
Word usage boundaries determined by data collected directly from people. Isogloss
0%
A language unrelated to any other and therefore not attached to any language family, Isolated Language
0%
Maps that use lines that connect points of equal value to depict variations in data. Distance between the lines indicates a change. Isoline Map
0%
A method of manufacturing where materials are sent to a factory moments before they are needed. Just-In-Time Delivery
0%
Industries that locate close major training institutions. Labor-Oriented Industry
0%
A study performed to locate, describe, and map the boundaries of a plot of land. Land Survey
0%
A collection of languages within a family, related through a common ancestral language thatexisted several thousand years ago. Language Branch
0%
A collection of languages related through a common ancestry that existed long before recorded history. Language Family
0%
A collection of languages within a branch that share a common origin in the relatively recentpast and display many similarities in grammar and vocabulary. Language Group
0%
Types of information displayed in a map. Layers
0%
A rural settlement pattern in which farms are clustered along a road with fields behind them. Linear Settlement
0%
A language of international communication. Lingua Franca
0%
People who study languages. Linguist
0%
The commercial grazing of animals confined to a specific area. Livestock Ranching
0%
Disputes that occur when parties disagree about where boundary should be located. Locational Boundary Dispute
0%
The location decision for a factory being dependent upon the location of other locations. Locational Interdependence
0%
Illustrations used in books and advertisements to show specific locationsmentioned in the text. Locator Map
0%
A rural survey method where land is divided into long, narrow, lots that run perpendicular to ariver, road, or canal. Long Lot
0%
Crops grown for profit rather than to feed the population. Luxury Crop
0%
Society is on the path to mass starvation. Food production will increase but so willpopulation-and faster. So, people should limit the number of children they have. Malthusian Theory
0%
The ratio between the size of things in the real world and the size of things onthe map. Map Scale
0%
Growing of fruits and vegetables, primarily for the purpose of freezing and canning. Market Gardening
0%
The practice of combing layers on a map. Mashups
0%
Agriculture practiced in regions with hot dry summers and mild winters, narrow valleys, andsimple vegetation systems. Mediterranean Agriculture
0%
Cities with 10 million or more people. Megacity
0%
A chain of interconnected cities. Megalopolis
0%
Maps that people create in their own minds based on their own experience andknowledge. Mental Map
0%
The ideas, beliefs, values, and knowledge of a culture. Mentifacf
0%
A city with a population of over 20 million people. Metacity
0%
A rural survey method where land is divided into parcels based on features of the landscape,distance, and direction. Metes and Bounds
0%
A city and adjacent areas across which population density is high and continuous. Metropolitan Area
0%
Programs that provide small loans to entrepreneurs shou would not normally qualify for credit fromtraditional sources. Microfinance Program
0%
The immigrants entering or leaving a place during a given period of time. Migration Flow
0%
A person sent on a religious mission, usually to convert people to their faith. Missionary
0%
An integrated system where the crops grown are used to feed the livestock on the same farm. Mixed Crop/Livestock Farming
0%
Neighborhoods with a mix of residential and commercial buildings. Mixed-Use Neighborhood
0%
Specializing in one crop. Monoculture
0%
Diverse cultures coexist within a shared space. Multiculturalism
0%
A state that contains more than one nation. Multinational State
0%
When a change in spending or investment causes a larger change in output. Multiplier Effect
0%
When a nation has a state of its own but also stretches across the borders of other states. Multi-State Nation
0%
A nation’s desire to create and maintain a state of its own. Nationalism
0%
A singular nation of people who fulfill the qualifications of a state. Nation-State
0%
Favoring those born in a country over immigrants. Nativism
0%
A boundary based on natural physical features that separate entities. Natural Boundary
0%
The difference between the CBR and CDR; A statistic that estimates the populationgrowth of a country, not including population loss or gain due to migration. Natural Increase Rate
0%
Materials from nature that have value to humans and can be used to meet theirneeds. Natural Resources
0%
A form of imperialism where more powerful states exert indirect control over less powerfulones. Neocolonialism
0%
An economic strategy that calls for markets, free trade, and minimal government intervention inthe economy. Neoliberalism
0%
People who have adopted Malthus’ ideas to modern conditions and believe overpopulation is a threat to the future and must be controlled. Neo-Malthusian
0%
The difference between the number of immigrant and the number of emigrants in a place in a year. Net Migration Rate
0%
A system of employment in the various eccomic sectors spread throughout the world. New International Division of Labor
0%
A term used to describe a country whose level of economic development ranks it somewhere between developing and highly developed countries. Newly Industrialized Country
0%
A movement in urban planning that emerged in the 1990s with goals including reducing urban sprawl, increasing affordable housing, and creating livable neighborhoods. New Urbanism
0%
A language designated by a country as the one used by the government for laws, reports, and public objects. Official Language
0%
When companies locate their back offices in other countries due to a lower cost of operation. Offshoring
0%
Disputes that occur when parties disagree about how a boundary should function. Operational Boundary Dispute
0%
Food produced without the use of pesticides, synthetic fertilizers, or other unnatural processes. Organic Food
0%
States are born and need nourishment and living space to survive, which they get by annexing territory from weaker states. Organic Theory
0%
Contracting work out to non-company employees or other companies. Outsourcing
0%
Excessive grazing in an area to the point that the land becomes permanently damaged. Overgrazing
0%
Proportion of population that lives in cities as compared to rural areas. Percent Urban
0%
An era that people believe exists as part of their cultural identity. Perceptual Region
0%
Chemicals sprayed on crops to ward off or kill any insects or animals that might try to eat them. Pesticide
0%
A simplified form of a language that allows speakers of two different languages to communicate. Pidgin Language
0%
Large commercial farming specializing in one crop. Plantation Farming
0%
Maps that show property lines and details of land ownership. Plat Map
0%
Culture found in large, heterogenous societies that share certain habits despite differences in other personal characteristics. Popular Cultire
0%
The number of people per unit of area. Population Density
0%
The pattern of where people live, Population Distribution
0%
An age-sex composition graph that can provide information on birth rates, death rates, life expectancy, economic development, migration, and past events like natural disasters, wars, epidemics, etc. Population Pyramid
0%
The theory that the environmental conditions of a place can limit its culture but thatculture is primarily determined by social conditions. Possibilism
0%
A production system in which companies have replaced workers with machines to allow for fasterand varied production. Post-Fordism
0%
If the largest city in an urban system is more than twice as large as the next largest city, the largest city is said to have primacy. Primate Cities Rule
0%
An imaginary line that runs from pole to pole through Greenwich, England. Prime Meridian
0%
Programs aimed to increase the fertility rate of a place. Pronatalist Policy
0%
The distance people will travel to obtain specific goods or services. Range
0%
The population of a city or town will be inversely proportional to its rank in the urban hierarchy. Rank-Size Rule
0%
A set of 11 laws proposed by Ernst Ravenstein in 1885 describe what immigrants move, how they move, and their characteristics. Ravenstein’s Laws of Migration
0%
The standard form of British English pronunciation. Received Pronunciation
0%
The process by which banks refused loans to those who wanted to purchase/improve properties in certain urban areas. Redlining
0%
Maps designed for people to refer to for general information about places. Reference Map
0%
A person forced to migrate to another country to avoid the effects of armed conflict, violence, violation of human rights, or other disasters, and cannot return to their home country for fear of persecution. Refugee
0%
The process geographers use to divide and categorize space into smaller units. Regionalization
0%
The distance between two points, measured using metrics like time, effort, or cost. Relative Distance
0%
A boundary that no longer functions but evidence of it still exists on the landscape. Relic Boundary
0%
The spread of an idea/innovation through the physical movement of people. Relocation Diffusion
0%
Money sent from a foreign worker to friends and family in their country of origin. Remittance
0%
A language that was once extinct but has come back into daily use. Revived Language
0%
Power is derived from controlling strategic maritime areas of the world. However controls ofthe world. Rimland Theory
0%
Maps that show highways, streets, and alleys. Road Map
0%
A development model proposed by economist Walt Rostow in 1960 that describes the shift fromtraditional to modern forms of society. Rostow’s Stages of Economic Growth
0%
The US region hit hardest by deindustrialization. Rust Belt
0%
When one state is dominated another, politically and economically. Satellite State
0%
Beginning in the 1700’s, the advances of the Industrial Revolution were used to increase foodsupply and support population growth. Second Agricultural Revolution
0%
The separation of religion from social affairs. Secularism
0%
The process of breeding together two plants that have desirable characteristics. Seed Hybridization
0%
Process to control immigration that bars individuals of certain backgrounds and givespreference to other s who have traits that are viewed favorably. Selective Immigration
0%
The ability of a state to decide its own future. Self-Determination
0%
The notion that successive societies leave their cultural imprints on a place, each contributing to the cumulative cultural landscape. Sequent Occupancy
0%
The distribution of houses, farms, villages, towns, and cities in an area. Settlement Pattern
0%
A region that suffers instability because it’s caught between two powers that do not get along. Shatterbelt
0%
Farming involving moving planting from one field to another, clearing the land by burning thevegetation. Shifting Cultivation
0%
Farming where all vegetation from an area is cut down and burned in place. Slash-and-Burn Agriculture
0%
A condition in which one person is owned or controlled by another. Slavery
0%
A district of a city marked by extreme poverty and inferior living conditions. Slum
0%
A set of policies aimed to preserve farmland and other open, undeveloped spaces near a city. Smart Growth
0%
The ways in which a culture behaves and organizes institutions. Sociofact
0%
When soil loses its ability to support land growth and is much more easily eroded by wind orwater. Soil Degradation
0%
When water evaporates quickly, leaving salt residue behind. Soil Salinization
0%
The power of political unit to govern itself. Sovereignty
0%
Areas in which business/trade laws are different from other parts of the country. Special Economic Zone
0%
Housing built on land that people do not have a right to settle on. Squatter Settlement
0%
Cultural groups that have no independent political entity of their own. Stateless Nation
0%
A process in which people reach their eventual destination through a series of smallermoves. Step Migration
0%
Hen something spreads but is changed by the people who adopt the idea/innovation. Stimulus Diffusion
0%
When peoples’ primary allegiance is to a traditional group or ethnicity, rather than to the state. Subnationalism
0%
A boundary drawn to accommodate religious, ethnic, linguistic, or economic differences. Subsequent Boundary
0%
When farmers consume the crops that they grow and raise. Subsistence Farming
0%
The process of people moving, usually from cities, to residential areas on the outskirts of cities. Suburbanization
0%
A boundary drawn by outside powers. Superimposed Boundary
0%
An organization of 3+ countries that join together for their mutual benefit. Supranational Organization
0%
Use of the Earth’s resources in ways that ensure their availability for futuregenerations to use. Sustainability
0%
Any economic development that meets the current needs of people without making it harder forpeople in the future to live well. Sustainable Development
0%
A type of acculturation in which traits from two or more cultures blend to form a new custom, idea, value, or practice. Syncretism
0%
When humans build a series of steps into the side of a hill, creating flat surfaces for the purpose of agriculture. Terrace Farming
0%
A willingness by one person or a group of people to defend the space they claim. Territoriality
0%
Organized violence, usually for a political goal. Terrorism
0%
Maps that show spatial aspects of information or a type of phenomenon. Thematic Map
0%
A form of government in which a deity of some kind is viewed as the ultimate authority. Theocracy
0%
The size of population necessary for any particular service to exist and remain profitable. Threshold
0%
The reduction in the time it takes to diffuse something to a distant place, as the result of improved communication and transportation technologies. Time-Space Compression
0%
The reduction of the time it takes to diffuse something to a distant place, as a result ofimproved communication and transportation technologies. Time-Space Convergence
0%
Maps showing points of elevation. Topographic Map
0%
The name given to a place on Earth. Toponym
0%
The average number of children born per woman. Total Fertlity Rate
0%
A rural survey method where land is divided using lines of latitude and longitude, resulting in agrid pattern. Township and Range
0%
Groups of countries that agree to a common stet of trade agreements, Trading Bloc
0%
Seasonal immigration that pastoral herders make with their animals based on the availability of food. Transhumance Migration
0%
Companies that conduct business on a global scale. Transnational Corporation
0%
The permanent or semipermanent movement of individuals between countries. Transnational Migration
0%
Urban planning designed to maximize access to public transport. Transportation-Oriented Development
0%
A person who enters a country without the proper documentation or permission. Unauthorized Immigrant
0%
A country when governmental authority is held primarily by the central government. Unitary State
0%
Religions that offer belief systems that re attractive to a universal population. They actively seek new members, will accept anyone and have diverse membership. Universalizing Religion
0%
The practice of cultivating, processing, and distributing food in or around towns or cities. Urban Agriculture
0%
Streets lined with tall buildings that can channel and intensify wind and prevent natural sunlightfrom reaching the ground. Urban Canyon
0%
Deterioration of an urban area due to neglect or age. Urban Decay
0%
A portion of a city that is warmer than surrounding areas due to the concentration of buildings. Urban Heat Island
0%
The process of building up underused lands within a city. Urban Infill
0%
The ongoing process of developing towns and cities. Urbanization
0%
The physical layout of a city. Urban Morphology
0%
Renovating a site by removing the existing landscape and building from the ground up. Urban Redevelopment
0%
The rapid spread of development outward from the inner city. Urban Sprawl
0%
An interdependent set of cities within a region. Urban System
0%
Crops that have some other product added to them to make them unique and able to sell at ahigher price. Value-Added Specialty Crop
0%
An economic model that suggested a pattern for the types of products farmers would producerelative to the market where they sold their goods. Von Thünen’s Land Use Model
0%
An alternative view to Rostow’s model proposed by historian Immanuel Wallerstein in the 1970sthat included political and economic elements and proposed that countries do not exist in isolation, but are part of an interdependent system. Wallerstein’s World Systems Theory
0%
A city that exerts influence far beyond its national boundaries. World City
0%
Regions of the city that have declined so much that they have been abandoned by owners andrenters. Zone of Abandonment
0%
No matching quizzes found
Score Distribution
Percent of People with Each Score
Percentile by Number Answered
Your Score History
You have not taken this quiz